02176nmc a2200577 a 4500003000900000005001700009008004100026040001300067245004400080250001200124260003400136300001100170490003400181500002400215505005500239505004200294505005800336505004000394505003800434505002600472505004800498505004500546505004900591505004900640505002900689505003400718505003700752505005000789505004300839505004500882505004700927505004600974505004201020505004301062505003401105505003401139505003801173505003001211505003401241505004001275505003701315505004301352505005501395505003501450650002501485650001501510650001201525650001501537655001501552700003101567AR-BaBNM20251128210717.0246120s1975 ||||||||||||||000 | spa|| cAR-BaBNM10aTreinta cuentos argentinosb[1880-1940] a4ª ed. aBuenos AiresbGuadalupec19750 a318 p. 0aBiblioteca pedagógicavv. 10 aDonación Fainholc tLa selva de los reptilesrGonzález, Joaquín V. tPoncho de veranorPayró, Roberto J. tEl zapallo que se hizo CosmosrFernández, Macedonio tViola AcherontiarLugones, Leopoldo tLa insolaciónrQuiroga, Horacio tEl relojrBooz, Mateo tEl candelabro de platarGerchunoff, Alberto tGüelé (piedad)rGüiraldes, Ricardo tDar la noticiarGuerrero Estrella, Guillermo tLas últimas hamadríadesrCancela, Arturo tTouletrMariani, Roberto tChoclo pelaorOvejero, Daniel tHombres capacesrEandi, Héctor tLa inundaciónrMartínez Estrada, Ezequiel tEl patio de la nocherRojas Paz, Pablo tLa garza y el niñorCárpena, Elías tLa libertad del negrorDraghi Lucero, Juan tLa casa de AsteriónrBorges, Jorge Luis tLa mosca de ororCastellani, Leonardo tPequeños propietariosrArlt, Roberto tLa florrBarletta, Leónidas tLa battallarGarra, Lobodón tLa playa mágicarPeyrou, Manuel tTiemporGándara, Carmen tEl capitánrMallea, Eduardo tLa mecedorarDelfino, Augusto Mario tMilagrorMujica Láinez, Manuel t¿Llueve, tata?rVargas, Angel María tHomenaje a Francisco AlmeyrarBioy Casares, Adolfo tCasa tomadarCortázar, Julio 4aLITERATURA ARGENTINA 4aANTOLOGIAS 4aCUENTOS 4aESCRITORES aLITERATURA1 aMazzei, Angeleprologuista